<?xml version="1.0" encoding="UTF-8"?>
<marc:record xmlns:marc="http://www.loc.gov/MARC21/slim">
   <marc:leader>00000nam a2200000 a 4500</marc:leader>
   <marc:datafield ind1="1" ind2=" " tag="100">
      <marc:subfield code="a">Schneyder, Kim</marc:subfield>
      <marc:subfield code="4">aut</marc:subfield>
      <marc:subfield code="e">Verfasser/-in</marc:subfield>
   </marc:datafield>
   <marc:datafield ind1="0" ind2="0" tag="245">
      <marc:subfield code="a">Hilfe, ich hab den Prinzen verzaubert!</marc:subfield>
   </marc:datafield>
   <marc:datafield ind1="0" ind2="0" tag="245">
      <marc:subfield code="b">Roman</marc:subfield>
   </marc:datafield>
   <marc:datafield ind1="0" ind2="0" tag="245">
      <marc:subfield code="c">Kim Schneyder</marc:subfield>
   </marc:datafield>
   <marc:datafield ind1=" " ind2="1" tag="264">
      <marc:subfield code="a">München</marc:subfield>
      <marc:subfield code="b">Piper</marc:subfield>
      <marc:subfield code="c">2011</marc:subfield>
   </marc:datafield>
   <marc:datafield ind1="1" ind2=" " tag="520">
      <marc:subfield code="a">Angaben aus der Verlagsmeldung

Hilfe, ich hab den Prinzen verzaubert! : Roman / von Kim Schneyder

»Hallo, ich bin Heidi Martens. Also, dieser Abstecher nach Monaco damals war schon ziemlich verrückt, rückblickend jedoch das einzig Richtige, nachdem Robert mich mit dieser blöden Kuh betrogen hat. Aber schätzungsweise mache ich nicht als Erste die Erfahrung, dass man die besten Typen nie für sich alleine hat. Was wir da alles erlebt haben, könnte locker die Jahresausgabe eines Klatschmagazins füllen, und dass Albert dann ausgerechnet wegen mir um die Hand seiner Charlene angehalten hat, will mir bis heute niemand glauben, obwohl es sogar Zeugen dafür gibt. Aber am besten erzähle ich die Geschichte noch einmal ganz von vorn …«
</marc:subfield>
   </marc:datafield>
   <marc:datafield ind1=" " ind2=" " tag="020">
      <marc:subfield code="a">9783492264297</marc:subfield>
      <marc:subfield code="9">9783492264297</marc:subfield>
   </marc:datafield>
   <marc:datafield ind1=" " ind2=" " tag="020">
      <marc:subfield code="a">3492264298</marc:subfield>
      <marc:subfield code="9">3492264298</marc:subfield>
   </marc:datafield>
   <marc:datafield ind1=" " ind2=" " tag="041">
      <marc:subfield code="a">ger</marc:subfield>
   </marc:datafield>
   <marc:datafield ind1=" " ind2=" " tag="300">
      <marc:subfield code="a">301 S.</marc:subfield>
   </marc:datafield>
</marc:record>
